000 00675cam a22002413a 4500
001 28269
003 PGUSA
005 20140828083618.0
008 090307s2009||||xxu|||||s|||||000 | eng d
040 _aPGUSA
_beng
042 _adc
050 4 _aTT
100 1 _aDay, Lewis Foreman,
_d1845-1910
245 1 0 _aArt in Needlework :
_bA Book about Embroidery
_h[electronic resource] /
_cLewis Foreman Day
260 _bProject Gutenberg,
_c2009
506 _aPublic domain in the USA.
516 _aElectronic text
653 _aNeedlework
653 _aEmbroidery
830 0 _aProject Gutenberg
_v28269
856 4 0 _uhttp://www.gutenberg.org/ebooks/28269
942 _cEB
999 _c257524
_d257524